000 00419nam a2200181Ia 4500
008 210210b1959 xxu||||| |||| 00| 0 eng d
041 _aeng
082 _a580/165
100 _aLAWRENCE (G H M)
245 _aTaxonomy of vascular plants
260 _aLondon
_bMacmillan & Co. Ltd.
_c1959
650 _avascular
650 _aTaxonomy
650 _aplants
650 _aof
690 _aBotany
906 _a010425
999 _c138193
_d138193